000
00339nam a2200145Ia 4500
005
20251222153553.0
008
251222s9999||||xx |||||||||||||| ||spa||
020
_a
8423924343
082
_a
571.8/R94
100
_a
RuffiƩ, Jacques
245
0
_a
El Sexo y la Muerte
250
_a
1ra. ed.
264
_b
Espasa-Calpe, S.A.
942
_c
LIB
999
_c
30931
_d
30931